Historiography : (Record no. 52480)

MARC details
000 -LEADER
fixed length control field 00488nam a2200181Ia 4500
005 - DATE AND TIME OF LATEST TRANSACTION
control field 20260429112126.0
008 - FIXED-LENGTH DATA ELEMENTS--GENERAL INFORMATION
fixed length control field 260429s9999||||xx |||||||||||||| ||und||
020 ## - INTERNATIONAL STANDARD BOOK NUMBER
International Standard Book Number 9789348066749
041 ## - LANGUAGE CODE
Language English
082 ## - DEWEY DECIMAL CLASSIFICATION NUMBER
Classification number 907.2
Item number SUR
100 ## - MAIN ENTRY--PERSONAL NAME
Personal name Surpurkar, Hayyalappa
245 #0 - TITLE STATEMENT
Title Historiography :
Remainder of title past and present /
Statement of responsibility, etc Hayyalappa Surpurkar
250 ## - EDITION STATEMENT
Edition statement 1st ed.
260 ## - PUBLICATION, DISTRIBUTION, ETC. (IMPRINT)
Place of publication, distribution, etc Agra :
Name of publisher, distributor, etc Current Publications,
Date of publication, distribution, etc 2024.
300 ## - PHYSICAL DESCRIPTION
Extent 264 p.; hb
650 ## - SUBJECT ADDED ENTRY--TOPICAL TERM
Topical term or geographic name as entry element Historiography
942 ## - ADDED ENTRY ELEMENTS (KOHA)
Koha item type Text Books
Holdings
Withdrawn status Lost status Damaged status Not for loan Collection code Home library Location Shelving location Date of Cataloging Source of acquisition Total Checkouts Full call number Barcode Date last seen Price effective from Koha item type
        Non-fiction CUTN Central Library CUTN Central Library History & Geography 29/04/2026 TBH Library Book Suppliers, Chennai - Invoice No. SINV00732 on 09-02-2026   907.2 SUR 57565 29/04/2026 29/04/2026 Text Books